| 000 -ლიდერი |
| ფიქსირებული სიგრძის საკონტროლო ველი |
01572nam a2200253Ia 4500 |
| 001 - საკონტროლო ნომერი |
| საკონტროლო ველი |
18726 |
| 003 - საკონტროლო ნომრის იდენტიფიკატორი |
| საკონტროლო ველი |
GE_BSU |
| 005 - ბოლო ოპერაციის თარიღი და დრო |
| საკონტროლო ველი |
20210413130914.0 |
| 008 - ფიქსირებული სიგრძის მონაცემთა ელემენტები - ზოგადი ინფორმაცია |
| ფიქსირებული სიგრძის საკონტროლო ველი |
181216s2016||||ge |||||||||||||| ||geo|| |
| 040 ## - კატალოგიზაციის წყარო |
| Transcribing agency |
GE_BSU |
| 041 ## - ენის კოდი |
| Language code of text/sound track or separate title |
geo |
| 080 ## - უნივერსალური ათობითი კლასიფიკაციის ინდექსი |
| Universal Decimal Classification number |
61 გ-14 |
| 100 ## - მთავარი ჩანაწერი - პიროვნების სახელი |
| Personal name |
გაგოშიძე, გენრიეტა |
| 9 (RLIN) |
11279 |
| 245 ## - ცნობა სათაურის შესახებ |
| Title |
განვითარების თანდაყოლილი მანკების ეპიდემიოლოგია საქართველოში / |
| Statement of responsibility, etc |
გენრიეტა გაგოშიძე; მეცნ. ხელმძღვანელები : ე.მირველაშვილი, ბ.ტყეშელაშვილი; თბილისის სახ-ლო სამედიცინო უნ-ტი. |
| 264 ## - წარმოების, გამოცემის, დისტრიბუციის და სხვა ცნობები |
| გამოცემის, წარმოების, დისტრიბუციის... ადგილი |
თბილისი, |
| გამოცემის, წარმოების, დისტრიბუციის... თარიღი |
2015. |
| 300 ## - ფიზიკური აღწერა |
| Extent |
108 გვ. ; |
| Other physical details |
30 სმ. |
| 653 ## - INDEX TERM--UNCONTROLLED |
| Uncontrolled term |
განვითარების თანდაყოლილი მანკების ეპიდემიოლოგია საქართველოში |
| 653 ## - INDEX TERM--UNCONTROLLED |
| Uncontrolled term |
დისერტაცია |
| 653 ## - INDEX TERM--UNCONTROLLED |
| Uncontrolled term |
მედიცინა |
| 700 ## - ADDED ENTRY--PERSONAL NAME |
| Personal name |
მირველაშვილი, ე. |
| Relator term |
სამეცნიერო ხელმძღვანელი |
| 9 (RLIN) |
11280 |
| 700 ## - ADDED ENTRY--PERSONAL NAME |
| Personal name |
ტყეშელაშვილი, ბ. |
| Relator term |
სამეცნიერო ხელმძღვანელი |
| 9 (RLIN) |
11281 |
| 710 ## - ADDED ENTRY--CORPORATE NAME |
| Corporate name or jurisdiction name as entry element |
თბილისის სახემწიფო სამედიცინო უნ-ტი |
| 9 (RLIN) |
11282 |
| 942 ## - ADDED ENTRY ELEMENTS (KOHA) |
| Koha item type |
წიგნი |
| Source of classification or shelving scheme |
|